The budget manual, Assam (Record no. 500457)

000 -LEADER
fixed length control field 00252cam a22000977a 4500
008 - FIXED-LENGTH DATA ELEMENTS--GENERAL INFORMATION
fixed length control field 180718b1961 xxu||||| |||| 00| 0 eng d
082 ## - DEWEY DECIMAL CLASSIFICATION NUMBER
Classification number L1x5411 As72/2
245 ## - TITLE STATEMENT
Title The budget manual, Assam
260 ## - PUBLICATION, DISTRIBUTION, ETC.
Place of publication, distribution, etc. Shillong
Name of publisher, distributor, etc. Government Press
Date of publication, distribution, etc. 1961
300 ## - PHYSICAL DESCRIPTION
Extent 204p.
Holdings
Withdrawn status Lost status Damaged status Not for loan Permanent Location Current Location Date acquired Full call number Barcode Date last seen Price effective from Koha item type
        Indian Institute of Public Administration Indian Institute of Public Administration 2018-08-04 L1x5411 As72/2 GG16416 2018-08-04 2018-08-04 GG

Powered by Koha